Bytový dom

Saved in:
Bibliographic Details
Main Author: Poljaková, Zuzana (Author)
Other Authors: Jankovichová, Eva (Thesis advisor)
Format: Manuscript Book
Language:Slovak
Published: 2015
Subjects:
Online Access:http://is.stuba.sk/zp/portal_zp.pl?podrobnosti=99840
https://opac.crzp.sk/?fn=detailBiblioForm&sid=A1BE4CBC10A6410E2FD5728DE444
Tags: Add Tag
No Tags, Be the first to tag this record!

MARC

LEADER 00000ntm a22000003a 4500
001 stuzp51820
003 SK-STU
005 20230628133548.1
007 ta
008 150427s2015----xo-----f-mn---000-0-slo-d
040 |a STU  |b slo 
041 0 |a slo 
100 1 |a Poljaková, Zuzana  |u 010270  |4 aut  |U SvF Stavebná fakulta  |T SvF Katedra technológie stavieb  |X 55582  |U V270  |Y 28  |7 55582 
242 0 1 |a Residential building  |y eng 
245 1 0 |a Bytový dom 
260 |c 2015 
650 4 |a bytový dom  |2 slo 
650 4 |a Durisol  |2 slo 
650 4 |a výstavba  |2 slo 
650 4 |a construction  |2 eng 
650 4 |a drawing  |2 eng 
650 4 |a Durisol  |2 eng 
700 1 |a Jankovichová, Eva  |4 ths  |X 647  |7 A000000647 
856 4 |u http://is.stuba.sk/zp/portal_zp.pl?podrobnosti=99840 
856 4 |u https://opac.crzp.sk/?fn=detailBiblioForm&sid=A1BE4CBC10A6410E2FD5728DE444 
SQL |a stuzp51820  |b DBP  |c SLO  |d Bytový dom  |e 55582  |f Poljaková, Zuzana  |g 010270  |h 647  |i Jankovichová, Eva  |j 20150622  |k 6  |l 01  |m http://is.stuba.sk/zp/portal_zp.pl?podrobnosti=99840  |n B-TMS  |o 5.2.8. stavebníctvo